Códice Azoyú 1 (Record no. 9181)

MARC details
000 -CABECERA
campo de control de longitud fija 00846nam a2200265 a 4500
001 - NÚMERO DE CONTROL
campo de control BRL_368
005 - FECHA Y HORA DE LA ÚLTIMA TRANSACCIÓN
campo de control 20190320210716.0
008 - DATOS DE LONGITUD FIJA--INFORMACIÓN GENERAL
campo de control de longitud fija 050813s1991----mx-a######---#000-0#spa-#
020 ## - NÚMERO INTERNACIONAL ESTÁNDAR DEL LIBRO
Número Internacional Estándar del Libro 9681636864
041 ## - CÓDIGO DE LENGUA
Código de lengua del texto/banda sonora o título independiente spa
044 ## - CÓDIGO DEL PAÍS DE LA ENTIDAD EDITORA/PRODUCTORA
Código MARC del país mx
050 #4 - SIGNATURA TOPOGRÁFICA DE LA BIBLIOTECA DEL CONGRESO
Número de clasificación F1219.56.C66
Número de documento/Ítem .V44 1991
100 1# - ENTRADA PRINCIPAL--NOMBRE DE PERSONA
Nombre de persona Vega Sosa, Constanza
9 (RLIN) 23679
245 10 - MENCIÓN DE TÍTULO
Título Códice Azoyú 1
Resto del título el reino de Tlachinollan
Mención de responsabilidad, etc. Constanza Vega Sosa.
260 ## - PUBLICACIÓN, DISTRIBUCIÓN, ETC.
Lugar de publicación, distribución, etc. México
Nombre del editor, distribuidor, etc. FCE
Fecha de publicación, distribución, etc. 1991
300 ## - DESCRIPCIÓN FÍSICA
Extensión 139 p.
Otras características físicas il. (algunas a color), mapas
Dimensiones 24 cm.
500 ## - NOTA GENERAL
Nota general portafolio con una reproducción del Códice con 38 hojas
500 ## - NOTA GENERAL
Nota general Au358
504 ## - NOTA DE BIBLIOGRAFÍA, ETC.
Nota de bibliografía, etc. Bibliografía : p. 135
630 04 - PUNTO DE ACCESO ADICIONAL DE MATERIA--TÍTULO UNIFORME
Título uniforme Códice Azoyuì 1
9 (RLIN) 23680
650 14 - PUNTO DE ACCESO ADICIONAL DE MATERIA--TÉRMINO DE MATERIA
Término de materia o nombre geográfico como elemento de entrada Códices, Tlapanec
Subdivisión general Facsímiles
Subdivisión geográfica Guerrero, México
9 (RLIN) 23681
650 14 - PUNTO DE ACCESO ADICIONAL DE MATERIA--TÉRMINO DE MATERIA
Término de materia o nombre geográfico como elemento de entrada Indígenas tlapanecos
Subdivisión general Vida social y costumbres
9 (RLIN) 23682
902 ## - CATALOGADOR
Iniciales GRL
942 ## - ELEMENTOS DE PUNTO DE ACCESO ADICIONAL (KOHA)
Fuente del sistema de clasificación o colocación Library of Congress Classification
Tipo de ítem Koha Libros
Holdings
Estado de retiro Estado de pérdida Estado dañado No para préstamo Localización permanente Ubicación/localización actual Fecha de adquisición Número de inventario Total de préstamos Signatura topográfica completa Código de barras Fecha visto por última vez Precio válido a partir de Tipo de ítem Koha
El ejemplar forma parte de la colección y puede ser consultado según las políticas vigentes.       Biblioteca Centro de Estudios Ruth D. Lechuga Biblioteca Centro de Estudios Ruth D. Lechuga 05/08/2013 Au358   F1219.56.C66 .V44 1991 (Au358) GRL00393 22/03/2019 22/03/2019 Libros